Ошибка как способ развития персонала организации: традиция и современность; Актуальные проблемы гуманитарных наук

Bibliographische Detailangaben
Parent link:Актуальные проблемы гуманитарных наук.— 2009.— С. 44-45
1. Verfasser: Панова Т. А.
Sprache:Russisch
Veröffentlicht: 2009
Schlagworte:
Format: MixedMaterials Buchkapitel
KOHA link:https://koha.lib.tpu.ru/cgi-bin/koha/opac-detail.pl?biblionumber=194951

MARC

LEADER 00000naa2a2200000 4500
001 194951
005 20231031182535.0
035 |a (RuTPU)RU\TPU\book\212628 
090 |a 194951 
100 |a 20110427d2009 k y0rusy50 ca 
101 0 |a rus 
102 |a RU 
200 1 |a Ошибка как способ развития персонала организации: традиция и современность  |f Т. А. Панова 
320 |a Библиогр.: 2 назв. 
463 0 |0 (RuTPU)RU\TPU\book\205117  |t Актуальные проблемы гуманитарных наук  |o труды VIII международной научно-практической конференции студентов, аспирантов и молодых ученых, г. Томск, 16-17 апреля 2009 г.  |f Томский политехнический университет (ТПУ)  |v С. 44-45  |d 2009  |p 466 с. 
610 1 |a персонал 
610 1 |a организации 
610 1 |a ошибки 
610 1 |a развитие 
610 1 |a труды учёных ТПУ 
700 1 |a Панова  |b Т. А. 
801 1 |a RU  |b 63413507  |c 20110427 
942 |c BK